Daivathinte Chaaranmaar_Malayalam (Record no. 38090)
[ view plain ]
| 000 -LEADER | |
|---|---|
| fixed length control field | 01310nam a22001817a 4500 |
| 082 ## - DEWEY DECIMAL CLASSIFICATION NUMBER | |
| Classification number | 920 JOS |
| 100 ## - MAIN ENTRY--AUTHOR NAME | |
| Personal name | Joseph Annamkutty Jose |
| 245 ## - TITLE STATEMENT | |
| Title | Daivathinte Chaaranmaar_Malayalam |
| 250 ## - EDITION STATEMENT | |
| Edition statement | 1 |
| 260 ## - PUBLICATION, DISTRIBUTION, ETC. (IMPRINT) | |
| Name of publisher | DC Books |
| Place of publication | Kottayam |
| Year of publication | 2025 |
| 300 ## - PHYSICAL DESCRIPTION | |
| Number of Pages | Number of pages : 232 |
| 500 ## - GENERAL NOTE | |
| General note | Category : Memoirs, Autobiography & Biography, Best Sellers |
| 520 ## - SUMMARY, ETC. | |
| Summary, etc | เดจเดฟเดฐเดตเดงเดฟ เดเตเดชเตเดชเดฟเดเตพ เดตเดฟเดฑเตเดฑเตเดดเดฟเดเตเด เดฌเตเดฑเตเดกเต เดคเตเดเตเดเตโเดธเดฟเดจเต เดถเตเดทเด เดเตเดธเดซเต เด เดจเตเดจเดเดเตเดเตเดเดฟเดฏเตเดเต เดเดฑเตเดฑเดตเตเด เดชเตเดคเดฟเดฏ เดชเตเดธเตเดคเดเด. เดเตผเดฎเดเดณเตเดเต เดเตเดเดพเดฐเดคเตเดคเดฟเตฝเดจเดฟเดจเตเดจเตเด เดเตเดจเตเดคเดฟเดฏเตเดเตเดคเตเดค เด เดจเตเดญเดตเดเตเดเดณเตเดเต เดเตเดฑเดฟเดชเตเดชเตเดเตพ. เดฆเตเดตเดคเตเดคเดฟเดจเตเดฑเต เดเดพเดฐเดจเตเดฎเดพเดฐเดพเดฏเดฟ เดญเตเดฎเดฟเดฏเดฟเดฒเตเดเตเดเต เดจเดจเตเดฎเดเตเดฏเตเดฏเตเดจเตเดจเดคเดฟเดจเดพเดฏเดฟ เดเตเดฑเดเตเดเต เดตเตเดฏเดเตเดคเดฟเดเดณเต เดจเดฟเดฏเตเดเดฟเดเตเดเดฟเดเตเดเตเดฃเตเดเต. เด เดตเตเดฏเดเตเดคเดฟ เดเดฐเตเดฎเดพเดเดพเด เดเดฐเตเดชเดเตเดทเต เดจเดฟเดเตเดเดณเตเดฎเดพเดเดพเด. |
| 546 ## - LANGUAGE NOTE | |
| Language note | Language : Malayalam |
| 650 ## - SUBJECT ADDED ENTRY--TOPICAL TERM | |
| Topical Term | GEN |
| 942 ## - ADDED ENTRY ELEMENTS (KOHA) | |
| Koha item type | Text Book |
| 952 ## - LOCATION AND ITEM INFORMATION (KOHA) | |
| Damaged status | |
| Not for loan | |
| 952 ## - LOCATION AND ITEM INFORMATION (KOHA) | |
| Damaged status | |
| Not for loan | |
| Withdrawn status | Collection code | Permanent Location | Current Location | Date acquired | Source of acquisition | Cost, normal purchase price | Inventory number | Full call number | Accession Number | Price effective from | Koha item type |
|---|---|---|---|---|---|---|---|---|---|---|---|
| GENERAL | VAST Central Library | VAST Central Library | 25/11/2025 | Dc Bookshop,Thrissur | 299.00 | 000729 | 920 JOS | 38227 | 17/12/2025 | Text Book | |
| GENERAL | VAST Central Library | VAST Central Library | 25/11/2025 | Dc Bookshop,Thrissur | 299.00 | 000729 | 920 JOS | 38228 | 17/12/2025 | Text Book |